000
00301nam a22001337a 4500
008
170203b xxu||||| |||| 00| 0 eng d
020
_a
0890042586
041
_a
eng
080
_a
61
100
_a
3
101
_a
SHM
245
_a
INTERPRETATION OF BLADDER BIOPSIES
_c
PETER BRAWN
942
_2
udc
_c
BK
999
_c
4458
_d
4458